Bundesliga Players - Sudden Death - Statistics

General Stats
  • This quiz has been taken 929 times
  • The average score is 6 of 17
Answers on the Grid
Answers color-coded by a green-red scale on the quiz's grid according to % correct below.
Ivan Rakitic
Samir Nasri
Benoit Tremoulinas
James Rodriguez
Isco
Pavel Pogrebnyak
Jefferson Farfan
Denzel Dumfries
Daniel Agger
Martin Hinteregger
Ciro Immobile
Andrey Arshavin
Robin Gosens
Tomas Rosicky
Raul
Milan Baros
John Guidetti
Ruud van Nistelrooy
Wesley Sneijder
Sergej Milinkovic Savic
Marko Pantelic
Papis Demba Cisse
Marcelo Bordon
Jonathan Soriano
Timothee Atouba
Andrea Barzagli
Franco di Santo
Alex Song
Mauro Camoranesi
Laurent Koscielny
 
Answer Stats
Answer % Correct
James Rodriguez
72%
Ivan Rakitic
71%
Ciro Immobile
54%
Raul
53%
Robin Gosens
51%
Jefferson Farfan
49%
Martin Hinteregger
47%
Tomas Rosicky
43%
Ruud van Nistelrooy
36%
Franco di Santo
22%
Marko Pantelic
18%
Papis Demba Cisse
18%
Andrea Barzagli
17%
Pavel Pogrebnyak
17%
Marcelo Bordon
16%
Timothee Atouba
12%
Mauro Camoranesi
7%
No matching quizzes found
Score Distribution
Percent of People with Each Score
Percentile by Number Answered
Your Score History
You have not taken this quiz